000 01048nam a22002537a 4500
005 20210325181728.0
008 s2546 th tha d
020 _a9749577337
041 _atha
050 _aHF1385 ท341ก 2546
100 0 _aทัชชมัย ฤกษะสุต
245 1 0 _aแกตต์และองค์การการค้าโลก (WTO) [2nd]
260 3 _aกรุงเทพฯ :
_bวิญญูชน,
_c2546
300 _a199 หน้า ;
_b 26 ซม.
650 0 4 _aการค้าระหว่างประเทศ
650 0 4 _aการระงับข้อพิพาท
650 0 4 _aข้อตกลงทั่วไปว่าด้วยภาษีศุลกากรและการค้า
650 0 4 _aองค์การการค้าโลก -- วิจัย
650 0 4 _aแกตต์
850 _aNALT
942 _cGB
997 _c000000000012619
998 _aนางสาวสายฝน ดีงาม
999 _c12619
_d12619